[Event "Perm op 04"]
[Site "Perm"]
[Date "2009.04.20"]
[Round "1"]
[White "Orekhov, Viktor"]
[Black "Suslin, Boris"]
[Result "1-0"]
[WhiteElo "2185"]
[BlackElo "2014"]
[PlyCount "61"]
[EventDate "2009.04.20"]
[EventType "swiss"]
[EventRounds "8"]
[EventCountry "RUS"]
[SourceTitle "EXT 2022"]
[Source "ChessBase"]
[SourceDate "2021.10.06"]
[SourceVersion "1"]
[SourceVersionDate "2021.10.06"]
[SourceQuality "1"]

1. c4 Nf6 2. Nc3 e5 3. g3 c6 4. Bg2 Be7 5. e4 d6 6. Nge2 Be6 7. d3 d5 8. b3 d4 9. Nb1 Bb4+ 10. Nd2 Qc8 11. a3 Bd6 12. h3 0-0 13. g4 a5 14. Ng3 g6 15. Nf3 b5 16. a4 Bb4+ 17. Bd2 Nbd7 18. 0-0 Bxd2 19. Qxd2 Kg7 20. axb5 cxb5 21. Rxa5 Rb8 22. Rfa1 bxc4 23. bxc4 Rb3 24. Rd1 Qc7 25. Qg5 h6 26. Qd2 Nc5 27. Bf1 Ncxe4 28. Nxe4 Nxe4 29. Qe1 Nc3 30. Rda1 Re8 31. Qxe5+ 1-0

[Event "Perm op-A 03"]
[Site "Perm"]
[Date "2009.03.15"]
[Round "5"]
[White "Orekhov, Viktor"]
[Black "Suslin, Boris"]
[Result "0-1"]
[WhiteElo "1912"]
[BlackElo "1932"]
[PlyCount "76"]
[EventDate "2009.03.11"]
[EventType "swiss"]
[EventRounds "9"]
[EventCountry "RUS"]
[SourceTitle "EXT 2022"]
[Source "ChessBase"]
[SourceDate "2021.10.06"]
[SourceVersion "1"]
[SourceVersionDate "2021.10.06"]
[SourceQuality "1"]

1. e4 e6 2. d4 d5 3. Nd2 c5 4. Ngf3 a6 5. exd5 exd5 6. dxc5 Bxc5 7. Nb3 Be7 8. h3 Nf6 9. Bd3 0-0 10. 0-0 h6 11. Re1 Nc6 12. c3 Bd6 13. a4 Re8 14. Be3 Ne4 15. a5 Qf6 16. Nbd4 Bd7 17. Bc2 Bc7 18. Nb3 Rad8 19. Nfd2 Qe5 20. Nf1 Bc8 21. f3 Nf6 22. Qd2 Qh5 23. Bf4 Bxf4 24. Qxf4 Qg5 25. Qxg5 hxg5 26. Ng3 g6 27. Kf2 Kf8 28. Rxe8+ Rxe8 29. Rd1 Rd8 30. Ne2 Re8 31. Ned4 Ne5 32. Bd3 Nfd7 33. Bf1 Nc4 34. Bxc4 dxc4 35. Nd2 Ne5 36. Kg3 f5 37. f4 gxf4+ 38. Kxf4 Kg7 0-1

[Event "Perm op-A 03"]
[Site "Perm"]
[Date "2009.03.14"]
[Round "4"]
[White "Suslin, Boris"]
[Black "Turov, Vladimir"]
[Result "1-0"]
[WhiteElo "2014"]
[BlackElo "1932"]
[PlyCount "67"]
[EventDate "2009.03.11"]
[EventType "swiss"]
[EventRounds "9"]
[EventCountry "RUS"]
[SourceTitle "EXT 2022"]
[Source "ChessBase"]
[SourceDate "2021.10.06"]
[SourceVersion "1"]
[SourceVersionDate "2021.10.06"]
[SourceQuality "1"]

1. Nf3 d5 2. g3 Bf5 3. Bg2 h6 4. 0-0 e6 5. d3 Nf6 6. Nbd2 Be7 7. Qe1 c6 8. e4 Bh7 9. Qe2 0-0 10. Re1 a5 11. e5 Nfd7 12. Nf1 c5 13. h4 Nc6 14. c3 b5 15. N1h2 c4 16. d4 b4 17. Ng4 h5 18. Ne3 Bd3 19. Qd1 a4 20. Ng5 g6 21. Nxd5 exd5 22. Bxd5 Ndxe5 23. Bg2 bxc3 24. dxe5 cxb2 25. Bxb2 Qb6 26. Bc3 Rad8 27. Qxa4 Nb4 28. Rab1 Bxb1 29. Rxb1 Rb8 30. a3 Bc5 31. Ne4 Ra8 32. Qd7 Rxa3 33. Nxc5 Rxc3 34. Na4 1-0

[Event "Perm op-A 03"]
[Site "Perm"]
[Date "2009.03.13"]
[Round "3"]
[White "Nekrasov, Evgeny G"]
[Black "Suslin, Boris"]
[Result "0-1"]
[WhiteElo "2003"]
[BlackElo "2037"]
[PlyCount "60"]
[EventDate "2009.03.11"]
[EventType "swiss"]
[EventRounds "9"]
[EventCountry "RUS"]
[SourceTitle "EXT 2022"]
[Source "ChessBase"]
[SourceDate "2021.10.06"]
[SourceVersion "1"]
[SourceVersionDate "2021.10.06"]
[SourceQuality "1"]

1. Nf3 d5 2. c4 e6 3. b3 Nf6 4. Bb2 Be7 5. cxd5 exd5 6. g3 0-0 7. Bg2 c6 8. 0-0 Bf5 9. d3 Nbd7 10. Nh4 Be6 11. f4 Nb8 12. Qd2 Qb6+ 13. Kh1 Bb4 14. Qc1 d4 15. h3 Be7 16. Nf3 c5 17. Nbd2 Bd5 18. Nc4 Qd8 19. Kh2 Nc6 20. Qd2 Bd6 21. e4 dxe3 22. Nxe3 Bxf3 23. Bxf3 Rb8 24. Nc4 Nd4 25. Bg2 b5 26. Ne5 Bxe5 27. fxe5 Nd5 28. Rae1 Ne6 29. Be4 Ne7 30. Qe3 a5 0-1